000 00717nas a2200265 4500
001 BR0201690
003 BR-BrBNA
005 20231205102831.0
007 ta
008 230509b bl.|||p| |||| 00| 00por d
040 _aBR-BrBNA
_bpor
_cBiblioteca Nacional de Agricultura
041 _a(Pt)
072 _aL72
100 1 _aMaior, M.P.S.
100 1 _aAlves, L.C.
245 1 _aEstrongilose dos eqüideos
650 _aEQÜINO
650 _aESTRONGILOSE
650 _aNEMATÓIDE
650 _aCONTROLE BIOLÓGICO
650 _aLESÃO
773 0 _tRevista CFMV (Brazil)
_xISSN 1517-6959
_g(Jan-Apr 2000), v. 6(19) p. 39-45
_wBR0201690
909 _a202311
_bLúcia
_c55
_dLúcia Elande
942 _2AGRIS
_n0
_cANA
999 _c169595
_d169595